00680nam a2200229 a 4500001001300000003000900013005001700022008004100039020000800080082001600088100003000104245004000134260003900174300000800213500003500221650002200256700003000278902000800308942000700316952011200323999001500435nice12345678IN_TiNIC20260116011526.0070709s0000 seca grp 000 0 eng  ac100a297.63bANJ aAnjuman-E-tarraqi Islam,  aVindication of the Prophet of Islam aSecunderabad bNo Publisher c0000 a28p aincludes index and biblioraphy aMuhammad, Prophet1 aAnjuman-E-tarraqi Islam,  bSRS cBK 001040708StackRoom-aHMIbHMId2007-07-09g1.00l0o297.63 ANJp01941r2007-07-09v1.00w2007-07-09yBK c2313d2313